000 00202 a2200097 4500
020 _a013429905368
041 _aspa
100 _aMoises Salama B
245 _aEl LObo y los siete Cabritillos
942 _cK
999 _c30469
_d30467